Foster Wheeler Corporation : engineering service to worldwide industry /

Bibliographic Details
Main Author: Kenney, John E.
Format: Book
Language:English
Published: New York : Newcomen Society in North America, 1961.
Series:Newcomen address ; 1961.
Subjects:

MARC

Tag First Indicator Second Indicator Subfields
LEADER 00000cam a2200000 4500
001 in00001007209
005 20150927215012.0
008 740802s1961 xx 00010 eng u
010 |a  61018282  
035 |a (OCoLC)00971756 
035 |9 AFD5629AM 
040 |c MRC  |d m/c  |d TXA  |d UtOrBLW 
049 |a TXAM 
050 0 0 |a HD9705.U64  |b F635 1961 
100 1 |a Kenney, John E. 
245 1 0 |a Foster Wheeler Corporation :  |b engineering service to worldwide industry /  |c John E. Kenney. 
264 1 |a New York :  |b Newcomen Society in North America,  |c 1961. 
300 |a 28 pages :  |b illustrations ;  |c 23 cm. 
336 |a text  |b txt  |2 rdacontent 
337 |a unmediated  |b n  |2 rdamedia 
338 |a volume  |b nc  |2 rdacarrier 
490 1 |a Newcomen address ;  |v 1961 
610 2 0 |a Foster Wheeler Corporation. 
830 0 |a Newcomen address ;  |v 1961. 
999 |a MARS 
999 f f |s 77d7db0a-a731-3221-b7c2-c4ebda2d7753  |i 6e3729d6-5096-347c-a418-6c28f6d5a816  |t 0 
952 f f |p ric  |a Texas A&M University  |b Rellis Campus  |c Joint Library Facility  |d Remote Storage  |t 0  |e HD9705.U64 F635 1961  |h Library of Congress classification  |i unmediated -- volume  |m A14814695678 
998 f f |a HD9705.U64 F635 1961  |t 0  |l Remote Storage